000 00378 a2200109 4500
001 ART_46678
005 20260410162039.0
008 260409a
245 1 0 _aFactores sectoriales y regionales que determinan la dinámica empresarial en los países en desarrollo
100 1 _aCalá, Carla Daniela
773 0 _tRevista Cepal
_g- Nº 124 (abr. 2018)
_wREV45125
999 _c34757
_d34757